000
00326nam a2200157Ia 4500
100
_a
Module J5
650
_a
Electrical Engineering
942
_c
BK
654
_a
Lift Practice
245
_a
Lift Practice
260
_b
E.I.T.B
_a
England
_c
1980
082
_a
620
_b
ITB
300
_a
203
546
_a
ENGLISH
999
_c
20214
_d
20214